000 00593nam a2200229Ia 4500
005 20250409162853.0
008 008 250409s9999 xx 000 0 eng d
020 _a8170127882
037 _aTextbook
040 _aLCT
_beng
_cLCT
041 _aeng
_2eng
084 _aZ,181/ P4;5
_qLCT
100 _aSingh, Avtar
245 0 _aCompany Law
_cby Avtar Singh
250 _a14th ed.
260 _aNew Delhi
_bEastern Book Company
_c2004
300 _acxxviii,736p.
365 _aINR
_b265
650 _aLaw
942 _cTB
_hZ,181/ P4;5
999 _c1308770
_d1308770